ბათუმის შოთა რუსთაველის სახელმწიფო უნივერსიტეტის ბიბლიოთეკა

Netzwerk neu : (ბიბ.ჩანაწერი № 58880)

000 -LEADER
fixed length control field 00600nam a22001817a 4500
005 - DATE AND TIME OF LATEST TRANSACTION
control field 20221012150228.0
008 - FIXED-LENGTH DATA ELEMENTS--GENERAL INFORMATION
fixed length control field 221012s2020ge xxu||||| |||| 00| 0 ger d
020 ## - INTERNATIONAL STANDARD BOOK NUMBER
International Standard Book Number 9783126071666
080 ## - UNIVERSAL DECIMAL CLASSIFICATION NUMBER
Universal Decimal Classification number 811.112.2'373 R-95
100 ## - MAIN ENTRY--PERSONAL NAME
Personal name Rusch, Paul.
9 (RLIN) 15285
245 ## - TITLE STATEMENT
Title Netzwerk neu :
Remainder of title A2 Intensivtrainer /
Statement of responsibility, etc. Paul Rusch.
264 ## - PRODUCTION, PUBLICATION, DISTRIBUTION, MANUFACTURE, AND COPYRIGHT NOTICE
Place of production, publication, distribution, manufacture Stuttgart:
Name of producer, publisher, distributor, manufacturer Ernst Klett Sprachen,
Date of production, publication, distribution, manufacture, or copyright notice 2020.
300 ## - PHYSICAL DESCRIPTION
Extent 80 p.:
Other physical details Illustrationen,
Dimensions 29 cm.
440 ## - SERIES STATEMENT/ADDED ENTRY--TITLE
Title Deutsch als Fremdsprache
9 (RLIN) 15295
653 ## - INDEX TERM--UNCONTROLLED
keyword Netzwerk neu A2 Intensivtrainer
653 ## - INDEX TERM--UNCONTROLLED
keyword გერმანული ლექსიკა
942 ## - ADDED ENTRY ELEMENTS (KOHA)
Source of classification or shelving scheme
Koha item type წიგნი
ეგზემპლარები
Withdrawn status Lost status Source of classification or shelving scheme Damaged status Not for loan Permanent Location Current Location Shelving location Date acquired Cost, normal purchase price Full call number Barcode Date last seen Copy number Price effective from Koha item type Public note
          ბათუმის შოთა რუსთაველის სახელმწიფო უნივერსიტეტის მთავარი ბიბლიოთეკა ბათუმის შოთა რუსთაველის სახელმწიფო უნივერსიტეტის მთავარი ბიბლიოთეკა წიგნსაცავი 2022-10-12 6.00 811.112.2'373 R-95 63072 2022-10-12 63072 2022-10-12 წიგნი 6.00